000 00787nam a2200205 i 4500
001 189671
003 ES-MaACL
005 20250821111723.0
008 190903s1946 sp |||| | spa d
100 1 _aLaín Entralgo, Pedro,
_d1908-2001
_969681
245 1 3 _aLa antropología en la obra de Fray Luis de Granada /
_cPedro Laín Entralgo.
260 _aMadrid :
_bConsejo Superior de Investigaciones Científicas,
_c1946.
300 _a366 p. ;
_c17 cm.
490 1 _aColección de Monografías de Historia de la Medicina ;
_v1
600 0 4 _aLuis de Granada,
_c(O.P.),
_d1504-1588
_974687
650 0 7 _aHombre
_2embne
_913451
830 0 0 _aColección de monografías de historia de la medicina
_v1
_9193370
852 _aES-MaACL
_jP-747-Bis-1
999 _c189671
_d189671